Statistics for Biggest cities in the Nordic countries - EXTREME

Click here to take the quiz!

General Stats

  • This quiz has been taken 1,051 times
    (506 since last reset)
  • The average score is 48 of 200

Answer Stats

NrCountryPopulationAnswer% Correct
2Denmark1 345 562Copenhagen
99%
3Finland1 340 363Helsinki
99%
4Norway1 064 235Oslo
99%
1Sweden1 767 108Stockholm
99%
5Sweden655 429Gothenburg
94%
7Sweden325 069Malmö
94%
10Norway267 117Bergen
89%
11Iceland242 995Reykjavik
88%
8Denmark285 273Aarhus
84%
14Norway194 860Trondheim
79%
6Finland353 704Tampere
74%
9Finland283 305Turku
74%
16Sweden168 760Uppsala
71%
13Finland210 271Oulu
70%
20Denmark119 862Aalborg
69%
12Norway231 693Stavanger
67%
74Norway41 434Tromsø
65%
15Denmark180 863Odense
64%
21Sweden119 016Linköping
54%
43Norway65 506Kristiansand
52%
26Sweden101 440Jönköping
51%
143Norway21 100Lillehammer
51%
27Sweden98 088Norrköping
51%
24Sweden113 828Helsingborg
50%
31Sweden91 916Umeå
50%
52Finland54 601Rovaniemi
47%
19Sweden126 604Örebro
46%
61Sweden49 123Luleå
45%
23Finland118 731Lahti
44%
28Sweden94 814Lund
43%
18Sweden128 600Västerås
43%
38Denmark71 698Esbjerg
41%
17Finland131 432Jyväskylä
40%
122Sweden24 951Visby
40%
25Norway111 036Drammen
39%
30Finland93 872Kuopio
39%
42Finland68 417Vaasa
39%
73Sweden41 852Kalmar
38%
72Norway42 662Bodø
35%
178Sweden17 513Kiruna
34%
41Sweden70 389Karlstad
33%
56Denmark51 916Roskilde
33%
34Sweden79 629Gävle
32%
32Finland83 206Pori
32%
40Sweden71 282Växjö
32%
158Iceland19 887Akureyri
31%
51Norway54 983Ålesund
30%
22Norway118 992Fredrikstad
30%
44Denmark62 802Randers
29%
48Sweden58 813Sundsvall
29%
39Sweden71 422Halmstad
28%
37Finland72 950Joensuu
28%
64Denmark47 257Helsingør
27%
54Sweden54 325Östersund
27%
161Greenland19 604Nuuk
26%
33Sweden81 270Borås
25%
36Sweden75 798Eskilstuna
25%
75Sweden41 299Kristianstad
25%
141Norway21 417Molde
25%
105Norway28 991Hamar
24%
60Finland49 567Kotka
24%
175Norway18 047Kristiansund
24%
50Finland56 235Lappeenranta
24%
35Sweden76 320Södertälje
24%
78Sweden40 726Falun
23%
84Sweden36 904Karlskrona
23%
47Denmark60 231Vejle
23%
57Denmark50 565Herning
22%
46Denmark61 074Horsens
22%
65Finland46 538Kouvola
22%
86Finland36 706Mikkeli
22%
81Sweden38 780Nyköping
22%
79Finland39 652Porvoo
22%
145Norway20 836Ski
22%
155Sweden20 195Ystad
22%
49Finland58 274Hämeenlinna
21%
83Finland37 194Kokkola
20%
45Denmark61 638Kolding
20%
165Norway18 864Mo i Rana
20%
88Sweden36 388Skellefteå
20%
29Norway94 709Skien
20%
58Sweden50 502Trollhättan
20%
97Finland33 302Rauma
19%
76Denmark41 239Viborg
19%
116Finland26 462Imatra
18%
120Finland25 257Kemi
18%
129Sweden23 934Piteå
18%
106Finland28 601Salo
18%
59Denmark49 747Silkeborg
18%
190Finland16 508Tornio
18%
198Norway15 784Alta
17%
67Sweden44 898Borlänge
17%
104Finland29 442Kajaani
17%
55Finland52 378Seinäjoki
17%
100Sweden30 808Trelleborg
17%
108Sweden28 026Lidköping
16%
150Finland20 554Savonlinna
16%
121Sweden25 071Enköping
15%
77Denmark40 886Fredericia
15%
134Denmark22 672Frederikshavn
15%
94Sweden33 466Landskrona
15%
115Norway26 851Larvik
15%
62Norway48 477Moss
15%
137Sweden22 018Norrtälje
15%
164Sweden18 921Oskarshamn
15%
103Sweden29 490Ängelholm
14%
68Norway44 352Arendal
14%
168Sweden18 671Boden
14%
127Sweden24.101Falkenberg
14%
167Sweden18 720Köping
14%
192Denmark16 277Middelfart
14%
99Sweden31 340Motala
14%
169Finland18 618Raahe
14%
109Denmark27 766Sønderborg
14%
89Sweden36 327Varberg
14%
117Norway25 916Halden
13%
71Finland43 735Hyvinkää
13%
149Finland20 634Jakobstad
13%
154Sweden20 228Karlshamn
13%
82Denmark38 304Køge
13%
98Finland32 821Lohja
13%
80Sweden39 580Skövde
13%
53Norway54 580Tønsberg
13%
90Sweden35 916Uddevalla
13%
191Denmark16 401Aabenraa
12%
112Sweden27 433Alingsås
12%
142Norway21 132Harstad
12%
91Denmark35 357Hillerød
12%
110Sweden27 714Karlskoga
12%
136Norway22 568Kongsberg
12%
101Sweden29 815Märsta
12%
177Denmark17 525Nyborg
12%
95Sweden33 348Örnsköldsvik
12%
111Finland27 540Riihimäki
12%
113Denmark27 300Svendborg
12%
140Sweden21 472Västervik
12%
160Sweden19 794Eslöv
11%
148Finland20 650Forssa
11%
152Norway20 315Gjøvik
11%
162Sweden19 435Hässleholm
11%
188Sweden16 559Hudiksvall
11%
170Sweden18 597Kristinehamn
11%
128Sweden24 071Kungsbacka
11%
187Sweden16 632Mariestad
11%
69Denmark44 331Næstved
11%
156Denmark20 190Skive
11%
93Denmark34 636Slagelse
11%
193Sweden16 268Avesta
10%
176Sweden17 939Falköping
10%
153Denmark20 312Farum
10%
118Denmark25 644Hjørring
10%
102Denmark29 608Holbæk
10%
197Denmark15 979Ikast
10%
132Norway22 953Jessheim
10%
124Sweden24 483Katrineholm
10%
151Finland20 549Kirkkonummi
10%
131Denmark23 086Ringsted
10%
119Sweden25 564Sandviken
10%
123Sweden24 558Vänersborg
10%
184Finland16 780Varkaus
10%
159Sweden19 822Värnamo
10%
85Sweden36 891Åkersberga
9%
144Denmark20 877Birkerød
9%
125Sweden24 341Gustavsberg
9%
171Sweden18 508Härnösand
9%
189Norway16 547Hønefoss
9%
146Norway20 758Horten
9%
114Sweden26 960Kungälv
9%
107Sweden28 520Lerum
9%
195Sweden16 098Ljungby
9%
199Sweden15 614Ludvika
9%
172Sweden18 479Nässjö
9%
181Denmark16 911Nykøbing F
9%
157Denmark19 963Skanderborg
9%
66Sweden46 014Tumba
9%
126Norway24 110Askøy
8%
183Denmark16 850Frederikssund
8%
196Sweden16 001Höganäs
8%
87Denmark36 489Holstebro
8%
63Denmark47 680Hørsholm
8%
194Denmark16 211Kalundborg
8%
180Sweden17 264Kumla
8%
70Sweden44 091Lidingö
8%
186Denmark16 741Lillerød
8%
138Denmark22 011Haderslev
7%
200Sweden15 598Höllviken - Ljunghusen
7%
130Denmark23 736Nørresundby
7%
182Sweden16 854Staffanstorp
7%
92Denmark35 238Taastrup
7%
185Finland16 780Valkeakoski
7%
96Sweden33 336Vallentuna
7%
166Norway18 802Korsvik
6%
173Sweden18 392Mölnlycke
6%
179Denmark17 337Solrød Strand
6%
135Denmark22 658Stenløse
6%
133Sweden22 872Torslanda
6%
174Norway18 063Tromsdalen
6%
163Sweden19 381Västerhaninge
6%
147Denmark20 657Smørumnedre
4%
139Iceland21 950Keflavík og Njarðvík
1%

Score Distribution

Percentile by Number Answered

Percent of People with Each Score

Your Score History

You have not taken this quiz since the last reset